000 00585nam a2200217 i 4500
001 16478
003 ES-MaACL
005 20250717063018.0
007 t|
008 000929s1993 sp ||||1| spa d
020 _a84-87524-48-6
080 _a087.5:82
100 1 _aSastre, Alfonso,
_d1926-
_9103915
245 1 0 _aTeatro para niƱos /
_cde Alfonso Sastre.
260 _aHondarribia :
_bHiru,
_c1993.
300 _a188 p. ;
_c18 cm.
490 1 _aTeatro ;
_v30
830 0 _aTeatro ;
_v30
_9178026
852 _aES-MaACL
_jL-23746
_bR.128765
999 _c16478
_d16478